Language Quiz

Random Language or Letter Quiz

Fill in the 'Pot' Holes Quiz Stats

Quiz Updated Aug 30, 2012

Challenge
Share
Tweet
Embed
Score 0/20 Timer 05:00
2 Plays Today
Pot Holes Filled Words % Correct
_ P _ _ _ OTAPRICOT
90.4%
_ _ POTDEPOT
90%
_ _ _ _ POTJACKPOT
87.6%
P _ _ _ OTPARROT
84.8%
_ P _ OTEPCOT
81.6%
PO _ _ T _ _POINTER
76.8%
_ PO _ T _SPORTS
76.1%
P _ _ OTPIVOT
75.7%
PO _ _ _ _ TPODCAST
74.9%
_ _ _ P _ _ OTSLAPSHOT
72%
Pot Holes Filled Words % Correct
_ PO _ T _ _ _APOSTLES
69.4%
PO _ T _ _ _ _PORTABLE
68.3%
PO _ T _ _POETRY
66.7%
_ _ _ PO _ TAIRPORT
58%
_ _ _ _ _ POTCRACKPOT
56%
P _ _ OTPINOT
51.1%
P _ _ _ _ OTPEUGEOT
43.9%
PO _ _ T _ _ _ _POLITICAL
32%
_ _ _ _ PO _ TFREEPORT
17.7%
PO _ T _ _ _POSTERN
3%

You're not logged in!

Compare scores with friends on all Sporcle quizzes.
Sign Up with Email
OR
Log In

You Might Also Like...

Show Comments

Extras

Top Quizzes Today


Score Distribution

Your Account Isn't Verified!

In order to create a playlist on Sporcle, you need to verify the email address you used during registration. Go to your Sporcle Settings to finish the process.

Report this User

Report this user for behavior that violates our Community Guidelines.

Details: